| 000 | 00409nam a22001697a 4500 | ||
|---|---|---|---|
| 005 | 20160430102335.0 | ||
| 008 | 160430b xxu||||| |||| 00| 0 eng d | ||
| 020 | _a81-259-1665-2 | ||
| 041 | _aeng | ||
| 082 | _b00999 | ||
| 100 |
_aSubramanyam B.V.R. _9307 |
||
| 245 | _aConduct in government | ||
| 260 |
_bVikas Publishing house Pvt. Ltd. _c2005 |
||
| 300 | _a201 | ||
| 650 |
_aManagement _9241 |
||
| 942 | _cBK | ||
| 999 |
_c355 _d355 |
||